000 00484nmm a2200169Ia 4500
008 251105s9999||||xx |||||||||||||||||und||
041 _aspa
100 _aFlores , Rafael
245 0 _aEl Capitán Adobo :
_b Y la máquina de la lluvia
264 _a[Madrid, España] :
_bLantia,
_c2017
300 _a0 páginas
650 _aSpanish narrative
700 _aFlores , Rafael
700 1 _a Gago , Enrique
856 _uhttps://public.digitaliapublishing.com/a/87516
942 _cCF
999 _c65529
_d65529